RICS view (Record no. 78665)

MARC details
000 -LEADER
fixed length control field 01234cad a22002175a 4500
001 - CONTROL NUMBER
control field L137585
008 - FIXED-LENGTH DATA ELEMENTS--GENERAL INFORMATION
fixed length control field 070417e20070221xxk f 000 0 eng d
035 ## - SYSTEM CONTROL NUMBER
System control number (Sirsi) u137585
041 0# - LANGUAGE CODE
Language code of text/sound track or separate title eng
110 2# - MAIN ENTRY--CORPORATE NAME
Corporate name or jurisdiction name as entry element Royal Institution of Chartered Surveyors
9 (RLIN) 4900
245 00 - TITLE STATEMENT
Title RICS view
Remainder of title home information packs and energy performance certificates
Medium [electronic resource]
260 ## - PUBLICATION, DISTRIBUTION, ETC.
Place of publication, distribution, etc. London
Name of publisher, distributor, etc. RICS
Date of publication, distribution, etc. 2007
490 ## - SERIES STATEMENT
Series statement RICS View
520 ## - SUMMARY, ETC.
Summary, etc. Argues that over-regulation by the UK government has left a poor and expensive product with an unworkable implementation date. Disagrees with the UK government's intention to use Home Information Packs as part of wider reforms to cut carbon emissions from homes. Sets out the key issues as RICS sees them and proposes industry and market led solutions which will deliver all the government?s policy objectives at much reduced cost to the consumer.
590 ## - LOCAL NOTE (RLIN)
Local note KA
650 24 - SUBJECT ADDED ENTRY--TOPICAL TERM
Topical term or geographic name entry element CARBON REDUCTION
651 #4 - SUBJECT ADDED ENTRY--GEOGRAPHIC NAME
Geographic name England and Wales
Chronological subdivision 1543-
690 ## - LOCAL SUBJECT ADDED ENTRY--TOPICAL TERM (OCLC, RLIN)
Topical term or geographic name as entry element PROPERTY-RESIDENTIAL PROPERTY-ACQUISITION AND DISPOSAL OF RESIDENTIAL PROPERTY-HOME BUYING REFORM
856 40 - ELECTRONIC LOCATION AND ACCESS
Uniform Resource Identifier <a href="https://www.rics.org/RICSWEB/getpage.aspx?p=a9wbZFAvQUOIAO2xfLJARQ">https://www.rics.org/RICSWEB/getpage.aspx?p=a9wbZFAvQUOIAO2xfLJARQ</a>
Public note View the item free of charge at www.rics.org...
942 ## - ADDED ENTRY ELEMENTS (KOHA)
Suppress in OPAC 0

No items available.